Internet - Sinh viên - Lối sống : Nghiên cứu xã hội học về phương tiện truyền thông kiểu mới

Giới thiệu về Internet như một phương tiện truyền thông kiểu mới và những tiếp cận lý thuyết. Đồng thời lý giải về mối liên hệ giữa Internet với lối sống của sinh viên, bao gồm các hoạt động học tập giải trí và các định hướng giá...

Disgrifiad llawn

Wedi'i Gadw mewn:
Manylion Llyfryddiaeth
Prif Awdur: Nguyễn, Quý Thanh
Fformat: Llyfr
Iaith:Undetermined
Cyhoeddwyd: Hà Nội Nxb. Đại học Quốc gia Hà Nội 2011
Pynciau:
Tagiau: Ychwanegu Tag
Dim Tagiau, Byddwch y cyntaf i dagio'r cofnod hwn!
Thư viện lưu trữ: Trung tâm Học liệu Trường Đại học Cần Thơ
LEADER 01234nam a2200241Ia 4500
001 CTU_237453
008 210402s9999 xx 000 0 und d
020 |c 35000 
082 |a 302.23088 
082 |b Th107 
100 |a Nguyễn, Quý Thanh 
245 0 |a Internet - Sinh viên - Lối sống : 
245 0 |b Nghiên cứu xã hội học về phương tiện truyền thông kiểu mới 
245 0 |c Nguyễn Quý Thanh 
260 |a Hà Nội 
260 |b Nxb. Đại học Quốc gia Hà Nội 
260 |c 2011 
520 |a Giới thiệu về Internet như một phương tiện truyền thông kiểu mới và những tiếp cận lý thuyết. Đồng thời lý giải về mối liên hệ giữa Internet với lối sống của sinh viên, bao gồm các hoạt động học tập giải trí và các định hướng giá trị của họ 
526 |a Xã hội học lối sống,Xã hội học văn hóa 
526 |b XN372,XN352 
650 |a Phương tiện thông tin đại chúng,Mass media 
910 |b nthai 
980 |a Trung tâm Học liệu Trường Đại học Cần Thơ